Advances and Trends in Geodesy, Cartography and Geoinformatics II : proceedings of the 11th International Scientific and Professional Conference on Geodesy, Cartography and Geoinformatics (GCG 2019). September 10-13, 2019, Demänovská Dolina, Low Tatras, Slovakia

Salvato in:
Dettagli Bibliografici
Ente Autore: International Scientific and Professional Conference on Geodesy, Cartography and Geoinformatics Demänovská dolina, Nízke Tatry, Slovenská republika
Altri autori: Molčíková, Soňa (Compilatore), Hurčíková, Viera (Compilatore), Blišťan, Peter (Compilatore)
Natura: Atti del Convegno Libro
Lingua:inglese
Pubblicazione: Leiden : CRC Press/Balkema, 2020
Edizione:1. vyd.
Accesso online:https://www.taylorfrancis.com/books/e/9780429327025
Tags: Aggiungi Tag
Nessun Tag, puoi essere il primo ad aggiungerne!!

MARC

LEADER 00000nam a22000003a 4500
001 0082248
003 SK-STU
005 20200703083406.3
007 ta
008 180504s ----xo-----e------100-0-----d
020 |a 978-0-367-34651-5 
020 |a 978-0-429-32702-5 (eBook) 
024 7 |2 DOI  |a 10.1201/9780429327025 
040 |a STU  |b slo 
041 0 |a eng 
044 |a ne 
111 2 |a International Scientific and Professional Conference on Geodesy, Cartography and Geoinformatics  |n 11th  |d 10 - 13. 09. 2019  |c Demänovská dolina, Nízke Tatry, Slovenská republika 
245 1 0 |a Advances and Trends in Geodesy, Cartography and Geoinformatics II :  |b proceedings of the 11th International Scientific and Professional Conference on Geodesy, Cartography and Geoinformatics (GCG 2019). September 10-13, 2019, Demänovská Dolina, Low Tatras, Slovakia 
250 |a 1. vyd. 
260 |a Leiden :  |b CRC Press/Balkema,  |c 2020 
300 |a 213 s. 
700 1 |a Molčíková, Soňa  |4 com 
700 1 |a Hurčíková, Viera  |4 com 
700 1 |a Blišťan, Peter  |4 com 
856 4 0 |u https://www.taylorfrancis.com/books/e/9780429327025 
996 |c V*2646/sc-20  |l VV3  |s P  |a 0  |w 0082248_0001